<?xml version="1.0" encoding="UTF-8"?>
<collection xmlns="http://www.loc.gov/MARC21/slim">
  <record>
    <leader>00000nam  2200000   4500</leader>
    <controlfield tag="001">INLIS000000000045624</controlfield>
    <datafield tag="990" ind1="#" ind2="#">
      <subfield code="a">21421979</subfield>
    </datafield>
    <controlfield tag="005">20150206082000.0</controlfield>
    <datafield tag="990" ind1="#" ind2="#">
      <subfield code="a">21421977</subfield>
    </datafield>
    <controlfield tag="006"/>
    <datafield tag="990" ind1="#" ind2="#">
      <subfield code="a">21421978</subfield>
    </datafield>
    <controlfield tag="007"/>
    <datafield tag="990" ind1="#" ind2="#">
      <subfield code="a">21421980</subfield>
    </datafield>
    <controlfield tag="008">                                        </controlfield>
    <datafield tag="990" ind1="#" ind2="#">
      <subfield code="a">21421981</subfield>
    </datafield>
    <datafield tag="020" ind1="#" ind2="#">
      <subfield code="a">978-610-856-9</subfield>
    </datafield>
    <datafield tag="035" ind1="#" ind2="#">
      <subfield code="0">010-021500000000184</subfield>
    </datafield>
    <datafield tag="040" ind1="#" ind2="#">
      <subfield code="a">NBPDMAT</subfield>
    </datafield>
    <datafield tag="082" ind1="#" ind2="#">
      <subfield code="a">530.076</subfield>
    </datafield>
    <datafield tag="090" ind1="#" ind2="#">
      <subfield code="a">530.076</subfield>
      <subfield code="b">Al;i c</subfield>
    </datafield>
    <datafield tag="100" ind1="#" ind2="#">
      <subfield code="a">Ali Ofid Chalid</subfield>
    </datafield>
    <datafield tag="245" ind1="#" ind2="#">
      <subfield code="a">Cara win- win solution selesaiakn soal fisika SMP kelas 7,8 dan 9 /</subfield>
      <subfield code="c">oleh Ali Ofid Chalid; penyunting Puji Lestarii</subfield>
    </datafield>
    <datafield tag="250" ind1="#" ind2="#">
      <subfield code="a">Cet.1</subfield>
    </datafield>
    <datafield tag="260" ind1="#" ind2="#">
      <subfield code="a">Yogyakarta :</subfield>
      <subfield code="b">Pustaka Widyatama,</subfield>
      <subfield code="c">2013</subfield>
    </datafield>
    <datafield tag="300" ind1="#" ind2="#">
      <subfield code="a">viii, 252 hlm. :</subfield>
      <subfield code="b">ilus. ;</subfield>
      <subfield code="c">19 cm.</subfield>
    </datafield>
    <datafield tag="500" ind1="#" ind2="#">
      <subfield code="a">Bibliografi : hlm 252</subfield>
    </datafield>
    <datafield tag="650" ind1="#" ind2="#">
      <subfield code="a">Fisika SMP Soal dsb</subfield>
    </datafield>
    <datafield tag="700" ind1="#" ind2="#">
      <subfield code="a">Muji Lestari</subfield>
    </datafield>
    <datafield tag="850" ind1="#" ind2="#">
      <subfield code="a">NBPDMAT</subfield>
    </datafield>
    <datafield tag="990" ind1="#" ind2="#">
      <subfield code="a">21421981</subfield>
    </datafield>
    <datafield tag="990" ind1="#" ind2="#">
      <subfield code="a">21421977</subfield>
    </datafield>
    <datafield tag="990" ind1="#" ind2="#">
      <subfield code="a">21421978</subfield>
    </datafield>
    <datafield tag="990" ind1="#" ind2="#">
      <subfield code="a">21421980</subfield>
    </datafield>
    <datafield tag="990" ind1="#" ind2="#">
      <subfield code="a">21421979</subfield>
    </datafield>
  </record>
</collection>
